000 01555nam0a2200349 4500
001 RU\NLR\BIBL_A\011386308
005 20260408211430.0
021 _aRU
_b2017-27568
_92039
035 _a(RuMoRGB)008858605
035 _a(NLR Aleph) 011386308
090 _a11429499
_c11429499
100 _a20170517d2017 c y0rusy50 ca
101 0 _arus
102 _aRU
105 _ay z 00zy
200 1 _aОбучающие игры с карточками на уроке английского языка. 2-4 классы
_eметодические рекомендации, сценарии игр, игровые задания, программа факультатива "Игровой английский"
_fП. А. Степичев
210 _aМосква
_cВАКО
_d2017
215 _a32 с.
_d21
225 1 _aСоответствуе ФГОС
225 1 _aPlay english
320 _aБиблиогр.: с. 32 (14 назв.)
606 _aАнглийский язык
_xПреподавание
_xНаглядные методы
_xНачальная школа
_jМетодические пособия
_3RU\NLR\AUTH\6601617301
_92329257
610 0 _aанглийский язык в начальной школе
610 0 _aязыковые игры
610 0 _aкарточки
686 _aЧ426.179Ан2(2)0-253,0
_2rubbk
686 1 _aЧ426.179Ан2(2),01-253я8
700 1 _aСтепичев
_bП. А.
_gПетр Анатольевич
942 _cBOOK
980 _aNBR